Estatísticas para Cultura Geral

Clique aqui para jogar o quiz

Estatísticas Gerais

  • Esse quiz foi jogado 31 vezes
    (22 desde o último reset)
  • A pontuação média é 9 de 14

Estatísticas das Respostas

HintResposta% Correto
Quantos são necessários para dançar o tango?2
89%
Em que país vive a maioria dos cangurus do mundo?Austrália
89%
Qual é a palavra em espanhol para "olá"?Hola
89%
Qual planeta está mais próximo do Sol?Mercúrio
89%
Qual é o número 30 em algarismos romanos?XXX
89%
Qual é o ingrediente principal em uma omelete?Ovos
78%
Que guerra terminou em 1945?Segunda Guerra Mundial
78%
De que idioma vêm muitas palavras que começam com AL, incluindo "álgebra", "albatroz" e "álcool"?Árabe
56%
Que antiga prisão, localizada na Baía de São Francisco, é chamada de "The Rock"?Alcatraz
50%
Que dispositivo foi usado pela primeira vez pelo governo da França em 1792 e finalmente aposentado em 1977?Guilhotina
50%
Quem, de forma implausível, voltou no tempo voando ao redor da Terra muito rápido em um filme de 1978?Superman
33%
Que cidade foi fundada sobre as ruínas de Tenochtitlan em 1524?Cidade do México
28%
Que deus grego correspondia ao deus romano Júpiter?Zeus
28%
Que rio liga Nova York e Albany?Hudson
22%

Distribuição das Pontuações

Percentil de Números Respondidos

Porcentagem de Pessoas com Cada Pontuação

Sua Pontuação Histórica

Você não jogou esse quiz desde o último reset